Ligne 13 du Métro Parisien - Statistiques

Statistiques générales
  • Ce quiz a été pris 1 102 fois
  • Le résultat moyen est 22 sur 32
Statistiques - réponses
n gares correspondances % Correct
18 Saint-Lazare M 3 12 14RER E Transilien J L
88%
25 Montparnasse - Bienvenüe M 4 6 12Transilien N
86%
15 (séparation G/S-D) La Fourche
84%
21 Invalides M 8RER C
80%
16 Place de Clichy M 2
79%
24 Duroc M 10
78%
5 Porte de Clichy M 14T 3b RER C
78%
7 Saint-Denis - Université T 5
78%
20 Champs-Elysées - Clemenceau M 1
77%
32 Châtillon - Montrouge T 6
76%
11 Mairie de Saint-Ouen M 14
74%
19 Miromesnil M 9
74%
29 Porte de Vanves T 3a
74%
13 Porte de Saint-Ouen T 3b
70%
1 Les Courtilles T 1
68%
17 Liège
66%
23 Saint-François-Xavier
64%
26 Gaîté
63%
14 (vers Saint-Denis) Guy Môquet
63%
8 Basilique de Saint-Denis T 1
61%
30 Malakoff - Plateau de Vanves
60%
27 Pernety
60%
28 Plaisance
60%
4 Mairie de Clichy
59%
22 Varenne
58%
10 Carrefour Pleyel M 14
57%
3 Gabriel Péri
56%
12 Garibaldi
54%
9 Saint-Denis - Porte de Paris T 8
53%
6 (vers Gennevilliers) Brochant
52%
31 Malakoff - Rue Etienne-Dolet
51%
2 Les Agnettes
48%
Aucun quiz correspondant
Distribution des résultats
% des personnes avec chaque résultat
Percentile par nombre de réponses
Votre historique - résultats
Vous n’avez pas pris ce quiz